| 000 | 00373nam a2200157Ia 4500 | ||
|---|---|---|---|
| 005 | 20250729165540.0 | ||
| 008 | 250729s2005 xx 000 0 und d | ||
| 041 | _aeng | ||
| 082 | _a900 CHOW | ||
| 100 |
_aChopra P S _9226684 |
||
| 245 | _aWorld History | ||
| 260 |
_aNew Delhi _c2005 |
||
| 300 | _a676p | ||
| 650 |
_aHistory _9226685 |
||
| 700 |
_aRao Digumurthi _9226686 |
||
| 999 |
_c237386 _d237386 |
||